=LDR 00000nam 2200000 4500 =001 NUTBA000000000003630 =005 20140823115113.0 =006 =007 =008 =020 ##$$a 978-979-010-463-1 =035 ##$$a 0010-081400000000475 =040 ##$$a Ind =082 ##$$a 028.5 =090 ##$$a 028.5$bNan e =100 ##$$a Nanit, bunda =245 ##$$a Eva si gempa$cBunda nanit =260 ##$$a Jakarta$bBumi aksara$c[Sa]. =300 ##$$a 32 Hlm$bIlus$c15 cm. =850 ##$$a NBPBMAT =990 ##$$a 20901820